[Event "CCSCSL Inv IM 2014"]
[Site "Saint Louis USA"]
[Date "2014.05.30"]
[Round "6.3"]
[White "Ni,V"]
[Black "Aripov,I"]
[Result "0-1"]
[WhiteTitle "WIM"]
[WhiteElo "2206"]
[BlackElo "2231"]
[WhiteFideId "11602252"]
[BlackFideId "14202395"]
[EventDate "2014.05.28"]

1. d4 Nf6 2. Nf3 c5 3. d5 b5 4. Bg5 e6 5. e4 a6 6. dxe6 fxe6 7. e5 h6 8. Bd3 d6
9. Bg6+ Kd7 10. exf6 hxg5 11. Ne5+ Kc7 12. Nf7 Qxf6 13. Nxh8 Bb7 14. O-O Nc6 15.
Nd2 Ne5 16. Qh5 Be7 17. f4 gxf4 18. Ne4 Qh4 19. Nf7 Qxh5 20. Bxh5 Nxf7 21. Bxf7
Bxe4 22. Rxf4 Bf5 23. Bxe6 Bxe6 24. Re4 Bf6 25. Rxe6 Bxb2 26. Rd1 Bd4+ 27. Kh1
Rf8 28. g4 Rf2 29. g5 Be5 30. Rxe5 dxe5 31. Rd5 Rxc2 32. g6 Rc4 33. Rxe5 Kd6 34.
Re8 Rg4 35. Ra8 Kd5 36. Rxa6 c4 37. Rb6 Kc5 38. Re6 c3 39. h3 c2 40. Re1 Rc4 41.
Rc1 Kd4 42. h4 Kd3 43. h5 Kd2 0-1

[Event "CCSCSL Inv IM 2014"]
[Site "Saint Louis USA"]
[Date "2014.05.30"]
[Round "6.4"]
[White "Homa,S"]
[Black "Sharma,Arun1"]
[Result "1-0"]
[WhiteTitle "FM"]
[WhiteElo "2331"]
[BlackElo "2383"]
[WhiteFideId "2031779"]
[BlackFideId "2008998"]
[EventDate "2014.05.28"]

1. d4 Nf6 2. Nf3 g6 3. g3 Bg7 4. Bg2 O-O 5. O-O d5 6. c4 dxc4 7. Na3 c3 8. bxc3
c5 9. Qb3 Nc6 10. Rd1 Qb6 11. Qxb6 axb6 12. Ne5 Be6 13. Nxc6 bxc6 14. Bxc6 Rac8
15. Bg2 cxd4 16. cxd4 Nd5 17. Nb5 Nb4 18. Rb1 Nxa2 19. Ba3 Bc4 20. Rd2 Bxb5 21.
Rxb5 Nc3 22. Rbb2 Rfd8 23. e3 e5 24. d5 e4 25. Rxb6 Nxd5 26. Rb7 Bf8 27. Bb2 Bg7
28. Bh3 Nxe3 29. Rxd8+ 1-0

[Event "CCSCSL Inv IM 2014"]
[Site "Saint Louis USA"]
[Date "2014.05.31"]
[Round "7.2"]
[White "Sharma,Arun1"]
[Black "Eckert,D"]
[Result "1-0"]
[BlackTitle "FM"]
[WhiteElo "2383"]
[BlackElo "2255"]
[WhiteFideId "2008998"]
[BlackFideId "2001993"]
[EventDate "2014.05.28"]

1. d4 Nf6 2. c4 e6 3. Nf3 Bb4+ 4. Bd2 Bxd2+ 5. Qxd2 b6 6. g3 Bb7 7. Bg2 O-O 8.
O-O d6 9. Nc3 Ne4 10. Nxe4 Bxe4 11. Qe3 Bb7 12. Qd3 f5 13. Nd2 Bxg2 14. Kxg2 Nd7
15. f4 Nf6 16. e4 Qd7 17. Rfe1 Rad8 18. exf5 exf5 19. d5 Rde8 20. Nf3 Ne4 21. b4
Rf6 22. Re3 a5 23. a3 Ra8 24. Rae1 axb4 25. axb4 Ra2+ 26. R1e2 Rxe2+ 27. Rxe2
Rf8 28. Nd4 g6 29. Ra2 Re8 30. Ra7 Qg7 31. Ra2 Qe7 32. Ne6 c6 33. Qd4 cxd5 34.
cxd5 Nf6 35. Re2 b5 36. Kh3 Rc8 37. Ra2 Ng4 38. Ra7 Qf6 39. Rg7+ Kh8 40. Qa7 h6
41. Rf7 1-0

[Event "CCSCSL Inv IM 2014"]
[Site "Saint Louis USA"]
[Date "2014.05.31"]
[Round "7.3"]
[White "Aripov,I"]
[Black "Homa,S"]
[Result "1/2-1/2"]
[BlackTitle "FM"]
[WhiteElo "2231"]
[BlackElo "2331"]
[WhiteFideId "14202395"]
[BlackFideId "2031779"]
[EventDate "2014.05.28"]

1. d4 Nf6 2. c4 e6 3. Nc3 Bb4 4. Qc2 d5 5. cxd5 Qxd5 6. Nf3 Qf5 7. Qxf5 exf5 8.
Bd2 c6 9. e3 Nbd7 10. Bd3 Nb6 11. a3 Be7 12. Ke2 a5 13. Rhc1 O-O 14. Rab1 a4 15.
Ne5 Be6 16. f3 Rfe8 17. Nd1 g6 18. Nf2 h5 19. g3 Bf8 20. h4 Nfd7 21. Nxd7 Nxd7
22. Bb4 Bh6 23. Bd2 Bg7 24. Nh3 Ba2 25. Ra1 Bb3 26. Bc3 Nb6 27. Nf4 Bh6 28. Kf2
Bc4 29. Ba5 1/2-1/2

[Event "CCSCSL Inv IM 2014"]
[Site "Saint Louis USA"]
[Date "2014.05.31"]
[Round "7.4"]
[White "Burnett,R"]
[Black "Ni,V"]
[Result "1-0"]
[WhiteTitle "IM"]
[BlackTitle "WIM"]
[WhiteElo "2344"]
[BlackElo "2206"]
[WhiteFideId "2002159"]
[BlackFideId "11602252"]
[EventDate "2014.05.28"]

1. d4 Nf6 2. c4 d6 3. Nc3 e5 4. Nf3 Nbd7 5. Bg5 c6 6. Qc2 Qa5 7. O-O-O exd4 8.
Rxd4 Be7 9. Bd2 Qc7 10. g4 Ne5 11. g5 Nfg4 12. h3 Nxf3 13. exf3 Ne5 14. Be2 g6
15. f4 Bf5 16. Ne4 Nd7 17. Bg4 c5 18. Rd5 Nb6 19. Rxf5 gxf5 20. Bxf5 d5 21. cxd5
Nxd5 22. Re1 Kf8 23. Nc3 Rd8 24. Nxd5 Rxd5 25. Kb1 Rd4 26. Be3 Qa5 27. Re2 Qd8
28. Bxd4 Qxd4 29. Re4 Qd5 30. Re1 Qd4 31. Be4 b5 32. Rd1 Qb4 33. a3 Qa5 34. Bd5
Qb6 35. Ka2 Qg6 36. Qc3 Rg8 37. h4 b4 38. axb4 Qa6+ 39. Kb3 cxb4 40. Qc4 Qxc4+
41. Bxc4 h6 42. Rd5 hxg5 43. fxg5 Rh8 44. Rf5 Rxh4 45. Rxf7+ Ke8 46. g6 Rg4 47.
Bb5+ Kd8 48. g7 1-0

[Event "CCSCSL Inv IM 2014"]
[Site "Saint Louis USA"]
[Date "2014.05.31"]
[Round "7.5"]
[White "Bregadze,L"]
[Black "Young,An"]
[Result "1/2-1/2"]
[WhiteTitle "IM"]
[BlackTitle "IM"]
[WhiteElo "2428"]
[BlackElo "2335"]
[WhiteFideId "13603264"]
[BlackFideId "5200490"]
[EventDate "2014.05.28"]

1. e4 c5 2. b3 e6 3. Bb2 Qc7 4. Nf3 a6 5. c4 Nc6 6. Be2 Nf6 7. e5 Ng4 8. O-O
Ngxe5 9. Nxe5 Nxe5 10. d4 cxd4 11. Qxd4 f6 12. Nd2 Be7 13. Ne4 O-O 14. Rad1 b5
15. c5 Bb7 16. b4 Bd5 17. Nc3 Bc6 18. f4 Nc4 19. Bxc4 bxc4 20. Qxc4 Qb7 21. f5
Bxg2 22. Rf2 Bc6 23. fxe6 dxe6 24. Qxe6+ Kh8 25. Rd4 Rae8 26. Qf5 Bd8 27. Rh4 g6
28. Qd3 Re1+ 29. Rf1 Re5 30. Bc1 Be7 31. a3 Rd8 32. Rd4 Rxd4 33. Qxd4 Qc8 34.
Qh4 Rh5 35. Qf2 Qg4+ 36. Qg3 Qd4+ 37. Rf2 Re5 38. Bd2 Kg7 39. h4 Kf7 40. Qf4
Qxf4 41. Bxf4 Re1+ 42. Rf1 Rxf1+ 43. Kxf1 g5 44. Bg3 f5 45. hxg5 Bxg5 46. Ne2
Bb5 47. Kf2 Bxe2 48. Kxe2 Ke6 49. Bd6 Kd5 50. a4 h5 51. b5 axb5 52. axb5 Bc1 53.
Be7 Bf4 54. Kf3 Be5 55. c6 Bc7 56. Bg5 Kc4 1/2-1/2

[Event "CCSCSL Inv IM 2014"]
[Site "Saint Louis USA"]
[Date "2014.05.31"]
[Round "8.1"]
[White "Ni,V"]
[Black "Bregadze,L"]
[Result "1/2-1/2"]
[WhiteTitle "WIM"]
[BlackTitle "IM"]
[WhiteElo "2206"]
[BlackElo "2428"]
[WhiteFideId "11602252"]
[BlackFideId "13603264"]
[EventDate "2014.05.28"]

1. e4 c5 2. Nc3 a6 3. g3 b5 4. Bg2 Bb7 5. d3 e6 6. f4 d5 7. e5 Ne7 8. Nf3 Nf5 9.
O-O h5 10. Ne2 Be7 11. c3 Qb6 12. h3 Nc6 13. g4 hxg4 14. hxg4 Nh4 15. Nxh4 Rxh4
16. Ng3 g5 17. Qe2 Qc7 18. Nh5 O-O-O 19. fxg5 Qxe5 20. Qxe5 Nxe5 21. d4 cxd4 22.
cxd4 Rxg4 23. dxe5 Bc5+ 24. Kh2 Rh8 25. Kh3 Rc4 26. Bf3 Bd4 27. Bg4 Bc6 28. Re1
Rc2 29. Bd1 Rf2 30. Kg3 Kb8 31. Bg4 Rc2 32. Re2 Rxe2 33. Bxe2 b4 34. Bd2 Bxb2
35. Rb1 Bxe5+ 36. Bf4 Bxf4+ 37. Kxf4 Kc7 38. Ke5 d4 39. Rxb4 d3 40. Bd1 Rg8 41.
Rg4 Rb8 42. Rd4 Rb5+ 43. Kf6 Rf5+ 44. Ke7 Rxg5 45. Rxd3 e5 46. Nf6 e4 47. Re3
Re5+ 48. Kxf7 Kd6 49. Bc2 Kc5 50. Bxe4 Bxe4 51. Nxe4+ Kd4 52. Ra3 Kxe4 53. Rxa6
Kd4 1/2-1/2

[Event "CCSCSL Inv IM 2014"]
[Site "Saint Louis USA"]
[Date "2014.05.31"]
[Round "8.2"]
[White "Vibbert,Sean"]
[Black "Young,An"]
[Result "1/2-1/2"]
[WhiteTitle "FM"]
[BlackTitle "IM"]
[WhiteElo "2316"]
[BlackElo "2335"]
[WhiteFideId "2030292"]
[BlackFideId "5200490"]
[EventDate "2014.05.28"]

1. e4 c5 2. Nc3 e6 3. g3 a6 4. Bg2 d6 5. Nge2 Nf6 6. O-O Be7 7. d4 cxd4 8. Nxd4
O-O 9. g4 Nc6 10. Nxc6 bxc6 11. e5 Nd5 12. exd6 Bxd6 13. Ne4 Bc7 14. c4 Qh4 15.
f4 f5 16. cxd5 fxe4 17. d6 Bb6+ 18. Kh1 a5 19. Re1 Bf2 20. Rxe4 Bg3 21. h3 Bd7
22. Qd3 Rab8 23. f5 Rb4 24. Rxb4 axb4 25. fxe6 Bxe6 26. Bg5 Qxg5 27. Qxg3 Qd2
28. Qe1 Qxd6 29. Rd1 Bd5 30. Bxd5+ cxd5 31. Qd2 d4 32. Qd3 Rf2 33. Qc4+ Kf8 34.
Qc8+ Kf7 35. Qb7+ Kf8 36. Qc8+ Kf7 37. Qb7+ Kg6 38. Qe4+ Kg5 39. h4+ Kxh4 40.
g5+ Qf4 41. Qxh7+ Kg4 42. Rg1+ Kf3 43. Qd3+ Qe3 44. Qf5+ Qf4 45. Qd3+ Qe3 46.
Qf5+ 1/2-1/2

[Event "CCSCSL Inv IM 2014"]
[Site "Saint Louis USA"]
[Date "2014.05.31"]
[Round "8.3"]
[White "Homa,S"]
[Black "Burnett,R"]
[Result "1-0"]
[WhiteTitle "FM"]
[BlackTitle "IM"]
[WhiteElo "2331"]
[BlackElo "2344"]
[WhiteFideId "2031779"]
[BlackFideId "2002159"]
[EventDate "2014.05.28"]

1. d4 Nf6 2. c4 e6 3. Nc3 Bb4 4. e3 b6 5. Ne2 Ba6 6. Ng3 Bxc3+ 7. bxc3 Nc6 8. e4
Na5 9. e5 Ng8 10. Qg4 g6 11. Bg5 f6 12. exf6 Kf7 13. h4 h5 14. Qf4 Bxc4 15. Bxc4
Nxc4 16. d5 exd5 17. O-O d6 18. Rae1 Nxf6 19. Qd4 c5 20. Qd1 Kg7 21. Re6 Rf8 22.
Bxf6+ Rxf6 23. Rxf6 Kxf6 24. Qxd5 Qg8 25. Ne4+ Kg7 26. Qb7+ Kh6 27. Nf6 Qh8 28.
g4 hxg4 29. Nxg4+ Kh5 30. Qe7 Qd8 31. Nf6+ Kxh4 32. Qe6 Kg5 33. f4+ Kh6 34. Rf2
Kg7 35. Nh5+ Kf8 36. Qxg6 Ke7 37. Qg7+ Ke6 38. f5+ Kd5 39. Qg2+ 1-0

[Event "CCSCSL Inv IM 2014"]
[Site "Saint Louis USA"]
[Date "2014.05.31"]
[Round "8.4"]
[White "Eckert,D"]
[Black "Aripov,I"]
[Result "0-1"]
[WhiteTitle "FM"]
[WhiteElo "2255"]
[BlackElo "2231"]
[WhiteFideId "2001993"]
[BlackFideId "14202395"]
[EventDate "2014.05.28"]

1. Nf3 c5 2. c4 Nc6 3. g3 g6 4. Bg2 Bg7 5. Nc3 d6 6. O-O Qd7 7. a3 e6 8. Qc2
Nge7 9. Rb1 b6 10. b4 Bb7 11. b5 Nd8 12. Bb2 O-O 13. a4 e5 14. a5 bxa5 15. Ra1
a6 16. Rxa5 axb5 17. Rxa8 Bxa8 18. Nxb5 Bc6 19. Nc3 Ne6 20. Ra1 e4 21. Ne1 Nd4
22. Qd1 Rb8 23. Bc1 Qe6 24. Ra7 Bf6 25. d3 exd3 26. Qxd3 Rb3 27. Bd5 Nxd5 28.
cxd5 Bxd5 29. Nxd5 Rxd3 30. Nxf6+ Kg7 31. Nxd3 Nxe2+ 0-1

[Event "CCSCSL Inv IM 2014"]
[Site "Saint Louis USA"]
[Date "2014.06.01"]
[Round "9.1"]
[White "Sharma,Arun1"]
[Black "Vibbert,Sean"]
[Result "1/2-1/2"]
[BlackTitle "FM"]
[WhiteElo "2383"]
[BlackElo "2316"]
[WhiteFideId "2008998"]
[BlackFideId "2030292"]
[EventDate "2014.05.28"]

1. d4 d5 2. c4 c6 3. Nf3 Nf6 4. Nc3 dxc4 5. a4 Bf5 6. Ne5 Nbd7 7. Nxc4 Qc7 8. g3
e5 9. dxe5 Nxe5 10. Bf4 Nfd7 11. Bg2 f6 12. O-O Be6 13. Nxe5 fxe5 14. Be3 Bc5
15. Qc1 O-O 16. Ne4 Bxe3 17. Qxe3 Qb6 18. Qc3 Bd5 19. a5 Qa6 20. e3 Qc4 21. Rfd1
Nf6 22. Nxf6+ gxf6 23. a6 bxa6 24. Qxc4 Bxc4 25. Rdc1 Bb5 26. Bxc6 Rac8 27. Bd5+
Kg7 28. e4 Rfd8 29. f3 Kf8 30. g4 h5 31. gxh5 Kg7 32. Kf2 Kh6 33. Kg3 Kxh5 34.
Be6 Rxc1 35. Rxc1 Kh6 36. Rc7 Be8 37. Rxa7 Rd6 38. Bc4 Rd4 39. b3 Bb5 40. Be6
Rd1 41. h4 Rg1+ 42. Kf2 Rh1 43. Bf5 Rxh4 44. Kg3 Rf4 45. Kf2 Rxf5 46. exf5 Kg5
47. Ke3 Kxf5 48. Re7 Bf1 49. b4 Bb5 50. Rc7 Bf1 51. Rc5 Bb5 52. f4 Bf1 53. fxe5
fxe5 54. Rc8 Bb5 55. Rd8 Ke6 56. Rd2 Bc6 57. Kd3 Bb5+ 58. Ke4 1/2-1/2

[Event "CCSCSL Inv IM 2014"]
[Site "Saint Louis USA"]
[Date "2014.06.01"]
[Round "9.3"]
[White "Burnett,R"]
[Black "Eckert,D"]
[Result "1/2-1/2"]
[WhiteTitle "IM"]
[BlackTitle "FM"]
[WhiteElo "2344"]
[BlackElo "2255"]
[WhiteFideId "2002159"]
[BlackFideId "2001993"]
[EventDate "2014.05.28"]

1. Nf3 Nf6 2. c4 g6 3. Nc3 d5 4. cxd5 Nxd5 5. Qc2 Nb6 6. d4 Bg7 7. e4 O-O 8. Be3
Bg4 9. Ne5 Bxe5 10. dxe5 Nc6 11. h3 Be6 12. Rd1 Qc8 13. f4 Rd8 14. Bb5 Nb4 15.
Qb1 Bc4 1/2-1/2

[Event "CCSCSL Inv IM 2014"]
[Site "Saint Louis USA"]
[Date "2014.06.01"]
[Round "9.4"]
[White "Bregadze,L"]
[Black "Homa,S"]
[Result "0-1"]
[WhiteTitle "IM"]
[BlackTitle "FM"]
[WhiteElo "2428"]
[BlackElo "2331"]
[WhiteFideId "13603264"]
[BlackFideId "2031779"]
[EventDate "2014.05.28"]

1. e4 c5 2. c3 d5 3. exd5 Qxd5 4. d4 Nf6 5. Nf3 e6 6. Be3 cxd4 7. cxd4 Bb4+ 8.
Nc3 O-O 9. Bd3 b6 10. O-O Bxc3 11. bxc3 Ba6 12. a4 Bxd3 13. Qxd3 Nc6 14. c4 Qe4
15. Qc3 Rac8 16. Nd2 Qf5 17. Nb3 Ne4 18. Qe1 Rfd8 19. a5 b5 20. d5 bxc4 21. dxc6
cxb3 22. Qb4 Rxc6 23. Bxa7 Nd2 24. Rfd1 Rcd6 25. Rdc1 Qf6 26. Re1 b2 27. Rad1
Nf3+ 0-1